000 02942cam a22006374i 4500
003 PE-LiUPU
005 20250731180136.0
008 150625s2006 sp a r 000 0 spa d
020 _a8481749273
020 _a9788481749274
035 _a(Sirsi) i9788481749274
040 _aPE-LiUPU
_bspa
_cPE-LiUPU
_dPE-LiUPU
_erda
049 _aPRUA
082 0 4 _a579.61
_bM95
_221
100 1 _aMurray, Patrick R.,
_eautor.
245 1 0 _aMicrobiología médica /
_cPatrick R. Murray, Ken S. Rosenthal, Michael A. Pfaller.
250 _a5a edición.
264 1 _aMadrid :
_bElsevier,
_c2006.
300 _a963 páginas :
_bilustraciones ;
_c28 centímetros
336 _atext
_2rdacontent
337 _aunmediated
_2rdamedia
338 _avolume
_2rdacarrier
505 0 _aPrincipios básicos de la microbiología médica -- Conceptos básicos de la respuesta inmunitaria -- Principios generales del diagnóstico de laboratorio -- Bacteriología -- Virología -- Micología -- Parasitología.
526 _aSEG44
526 _aSEG26
526 _aP159
526 _aP155
526 _aP154
526 _aP153
526 _aP150
526 _aP100
526 _aP31
526 _aP30
526 _aP26
526 _aP25
526 _aP24
526 _aP22
526 _aP15
526 _aP10
541 _g015-0010669;
541 _g001-0002690;
650 0 4 _aMicrobiología médica
_vTratados, manuales, etc.
700 1 _aPfaller, Michael A.,
_eautor.
700 1 _aRosenthal, Ken S.,
_eautor.
910 _agl
_bjv
_clch
_d20081119
942 _2ddc
_cBOOK
949 _a579.61 M95
_wDEWEY
_c1
_i59854
_d2016-9-27
_e2016-9-26
_lCCODEBUL1
_mBUL
_n10
_p114.00
_r0
_sY
_tBOOK
_u2015-6-25
_xSALUD
_PP22
_0COMPRA
_o.STAFF. Colección Ciencias de la Salud
949 _a579.61 M95
_wDEWEY
_c2
_i58750
_d2016-9-30
_e2016-9-29
_lCCODEBUL1
_mBUL
_n4
_p69.00
_r0
_sY
_tBOOK
_u2015-6-25
_xSALUD
_PP22
_0COMPRA
_o.STAFF. Colección Ciencias de la Salud
949 _a616.01 M95 2006
_wDEWEY
_c1
_iFJ06550
_lCCODEBUJ1
_mBUJ
_p114.00
_r0
_sY
_tBOOK
_u2017-12-19
_xSALUD
_PP22
_0COMPRA
_o.STAFF -- Colección General Juliaca
994 _aC0
_bPEPRU
596 _a1 3
999 _a579.61 M95
_wDEWEY
_c47619
_i59854
_d47619
_e2018-11-18
_f2021-11-3
_g5
_lCCODEBUL1
_mBUL
_n22
_p114.00
_q12
_r0
_sY
_tBOOK
_u2015-6-25
_xSALUD
_zP22
_0COMPRA
_o.STAFF. Colección Ciencias de la Salud
999 _a579.61 M95
_wDEWEY
_c2
_i58750
_d2019-10-20
_e2019-9-27
_f2021-11-3
_g5
_lCCODEBUL1
_mBUL
_n14
_p69.00
_q13
_r0
_sY
_tBOOK
_u2015-6-25
_xSALUD
_zP22
_0COMPRA
_o.STAFF. Colección Ciencias de la Salud
999 _a616.01 M95 2006
_wDEWEY
_c1
_iFJ06550
_d2017-3-22
_e2017-3-20
_f2022-1-25
_g4
_lCCODEBUJ1
_mBUJ
_n1
_p114.00
_r0
_sY
_tBOOK
_u2017-2-7
_xSALUD
_PP22
_0COMPRA
_o.STAFF. Colección General Juliaca
980 _81
_gALBERTO SANCHEZ Responsable de Automatización